Томская область: неоиндустриализация в зеркале социокультурного пространства региона; Экономика России в XXI веке; Т. 2
| Parent link: | Экономика России в XXI веке: сборник научных трудов XII Международной научно-практической конференции "Экономические науки и прикладные исследования", г. Томск, 17-21 ноября 2015 г./ Национальный исследовательский Томский политехнический университет (ТПУ) ; ред. кол. Г. А. Барышева [и др.].— , 2015 Т. 2.— 2015.— [С. 127-134] |
|---|---|
| 主要作者: | |
| 企業作者: | |
| 其他作者: | , , |
| 總結: | Заглавие с титульного экрана На основе сравнительно-сопоставительного метода исследования, расчетных данных индексов изучены и представлен срез региональной неоиндустриализации в современных условиях вызовов модернизации России. Показаны, что существуют как условия, так и препятствия инновационной деятельности, демотиваторы социального-культурного регионального пространства. |
| 語言: | 俄语 |
| 出版: |
2015
|
| 叢編: | Социально-гуманитарные аспекты экономики и управления социотехническими системами |
| 主題: | |
| 在線閱讀: | http://earchive.tpu.ru/handle/11683/15396 http://www.lib.tpu.ru/fulltext/c/2015/C40/V2/027.pdf |
| 格式: | MixedMaterials 電子 Book Chapter |
| KOHA link: | https://koha.lib.tpu.ru/cgi-bin/koha/opac-detail.pl?biblionumber=616850 |
MARC
| LEADER | 00000naa2a2200000 4500 | ||
|---|---|---|---|
| 001 | 616850 | ||
| 005 | 20240116155726.0 | ||
| 035 | |a (RuTPU)RU\TPU\conf\15106 | ||
| 035 | |a RU\TPU\conf\15105 | ||
| 090 | |a 616850 | ||
| 100 | |a 20160125d2015 k y0rusy50 ca | ||
| 101 | 0 | |a rus | |
| 102 | |a RU | ||
| 105 | |a y z 101zy | ||
| 135 | |a drgn ---uucaa | ||
| 181 | 0 | |a i | |
| 182 | 0 | |a b | |
| 200 | 1 | |a Томская область: неоиндустриализация в зеркале социокультурного пространства региона |f Т. А. Булатова, Т. Г. Маклакова |g науч. рук. И. Е. Никулина, А. Ю. Рыкун | |
| 203 | |a Текст |c электронный | ||
| 225 | 1 | |a Социально-гуманитарные аспекты экономики и управления социотехническими системами | |
| 300 | |a Заглавие с титульного экрана | ||
| 320 | |a [Библиогр.: с. 133-134 (5 назв.)] | ||
| 330 | |a На основе сравнительно-сопоставительного метода исследования, расчетных данных индексов изучены и представлен срез региональной неоиндустриализации в современных условиях вызовов модернизации России. Показаны, что существуют как условия, так и препятствия инновационной деятельности, демотиваторы социального-культурного регионального пространства. | ||
| 337 | |a Adobe Reader | ||
| 461 | 1 | |0 (RuTPU)RU\TPU\conf\14421 |t Экономика России в XXI веке |o сборник научных трудов XII Международной научно-практической конференции "Экономические науки и прикладные исследования", г. Томск, 17-21 ноября 2015 г. |o в 2 т. |f Национальный исследовательский Томский политехнический университет (ТПУ) ; ред. кол. Г. А. Барышева [и др.] |d 2015 | |
| 463 | 0 | |0 (RuTPU)RU\TPU\conf\14423 |t Т. 2 |v [С. 127-134] |d 2015 | |
| 610 | 1 | |a труды учёных ТПУ | |
| 610 | 1 | |a электронный ресурс | |
| 610 | 1 | |a Томская область | |
| 610 | 1 | |a неоиндустриализация | |
| 610 | 1 | |a социокультурное пространство | |
| 610 | 1 | |a модернизация | |
| 610 | 1 | |a инновационная деятельность | |
| 610 | 1 | |a регионы | |
| 700 | 1 | |a Булатова |b Т. А. | |
| 701 | 1 | |a Маклакова |b Т. Г. |c заместитель директора по воспитательной работе детского оздоровительного лагеря "Юность" Томского политехнического университета |f 1991- |g Таисия Глебовна |3 (RuTPU)RU\TPU\pers\35070 |9 18345 | |
| 702 | 1 | |a Никулина |b И. Е. |c экономист |c профессор Томского политехнического университета, доктор экономических наук |f 1958- |g Ирина Евгеньевна |4 727 |9 12386 | |
| 702 | 1 | |a Рыкун |b А. Ю. |4 727 | |
| 712 | 0 | 2 | |a Национальный исследовательский Томский политехнический университет (ТПУ) |b Институт социально-гуманитарных технологий (ИСГТ) |b Кафедра менеджмента (МЕН) |3 (RuTPU)RU\TPU\col\18855 |
| 801 | 2 | |a RU |b 63413507 |c 20210209 |g RCR | |
| 856 | 4 | |u http://earchive.tpu.ru/handle/11683/15396 | |
| 856 | 4 | |u http://www.lib.tpu.ru/fulltext/c/2015/C40/V2/027.pdf | |
| 942 | |c BK | ||